| 000 | 00373nam a2200133Ia 4500 | ||
|---|---|---|---|
| 005 | 20260326235447.0 | ||
| 008 | 260326s9999||||xx |||||||||||||| ||und|| | ||
| 100 | _aVassallo, Marc | ||
| 245 | 4 |
_aThe Barefoot Home : _b Dressed-down Design for casual living / _cMarc Vassallo |
|
| 260 | _bTaunton Press | ||
| 300 | _a218 p. | ||
| 650 | _aARQUITECTURA RESIDENCIAL | ||
| 942 | _cBK | ||
| 999 |
_c7635 _d7635 |
||